00897nam a22002177a 450000500170000001000150001702000260003203500140005803700130007208200110008510000230009624500890011926000510020827001020025930000230036149000640038450000500044894200250049899900190052395201370054220170419160008.0 aENG-117874 c885.00a9781470437220 aEN-101406 bDBAD/PUB a511.55 aBrualdi,Richard A. aThe mutually benificial relationship of graphs and matrices /cby Richard A. Brualdi aNew DelhibAmerican Mathematical Societyc2017 aDistributed by Universties Press,3-6-747/1/A3-6-754/1Himayat NagarbHydreabad (Telangana)e500029 aix,98p.c24cm(pbk) aCBMs Regional conference series in mathematics ; Number 115 aIncludes bibliographical references and index 2ddccENh511.55mBRU c139077d139077 001040718NFICaDBADbDBADd2017-04-19eDBAD/PUBg885.00l0o511.55 BRUpEN-101406r2017-04-19 00:00:00t1v885.00w2017-04-19yEN